01178nam a2200289 a 4500001001100000003000800011006001900019007001500038008004100053010001700094020002800111040002100139035002100160050002300181082001700204100002600221245010500247260004400352300001600396504006600412533015200478650004500630650004200675655002900717710001700746856012500763ebr5003880CaPaEBRm u cr cn|||||||||931220s1994 ctu sb 001 0 eng  z 93049035  z0899308783 (alk. paper) aCaPaEBRcCaPaEBR a(OCoLC)22804000914aK7690b.C48 1994eb04a341.5/222201 aChukwumerije, Okezie.10aChoice of law in international commercial arbitrationh[electronic resource] /cOkezie Chukwumerije. aWestport, Conn. :bQuorum Books,c1994. axii, 218 p. aIncludes bibliographical references (p. [205]-214) and index. aElectronic reproduction.bPalo Alto, Calif. :cebrary,d2013.nAvailable via World Wide Web.nAccess may be limited to ebrary affiliated libraries. 0aConflict of lawsxArbitration and award. 0aInternational commercial arbitration. 7aElectronic books.2local2 aebrary, Inc.40uhttp://site.ebrary.com/lib/rucke/Doc?id=5003880zAn electronic book accessible through the World Wide Web; click to view